| 000 | 01283nam a2200277 4500 | ||
|---|---|---|---|
| 001 | 113988 | ||
| 003 | DR-UNIBE | ||
| 005 | 20250731094103.0 | ||
| 008 | 250731b2008 pn ||||| |||| 00| 0 spa d | ||
| 020 | _a9789962670063 | ||
| 040 |
_aBIBLIOTECA UNIBE _bspa _cBIBLIOTECA UNIBE _erda |
||
| 041 | _aspa | ||
| 082 |
_222 _a345.17287 J869d |
||
| 100 | 1 | 0 |
_a Jovel Sánchez de Espinal, Nora Ileana _9198046 _eautor |
| 245 | 1 | 3 |
_aEl deslinde y el amojonamiento / _cNora Ileana Jovel Sánchez de Espinal |
| 250 | _aPrimera edición | ||
| 260 |
_aPanamá : _bOrgano Judicial, _c2008 |
||
| 300 |
_a111 páginas : _c21 x 12 cm |
||
| 500 | _aInformación del autor en la contraportada | ||
| 505 | _a1. Deslinde y amojonamiento | 2. Presupuestos procesales y materiales | 3. Petición y requisitos probatorios | 4. Diligencia de deslinde | 5. El procedimiento en caso de oposición en línea | 6. Principios procesales que rigen el deslinde | 7. Oralidad en el proceso civil del siglo XXI | 7. La prueba pericial en el deslinde y amojonamiento | Bibliografía | ||
| 650 | 7 |
_a Bienes raíces _zPanamá _9198051 |
|
| 650 | 7 |
_aDeslindes _zPanamá _9198052 |
|
| 650 | 7 |
_2lemb _aDerecho de bienes _zPanamá _9198053 |
|
| 700 | 1 | 0 |
_aEspino G., Miguel _9198047 _eprologuista |
| 942 |
_2ddc _cBK |
||
| 999 |
_c113988 _d113988 |
||